DNA-protein interaction/ (Record no. 28644)

MARC details
000 -LEADER
fixed length control field 00845cam a2200253Ia 4500
001 - CONTROL NUMBER
control field u2338
003 - CONTROL NUMBER IDENTIFIER
control field SIRSI
005 - DATE AND TIME OF LATEST TRANSACTION
control field 20180220094034.0
008 - FIXED-LENGTH DATA ELEMENTS--GENERAL INFORMATION
fixed length control field 951206s1993 enka b 001 0 eng d
020 ## - INTERNATIONAL STANDARD BOOK NUMBER
International Standard Book Number 0412259907 (alk. paper)
039 #9 - LEVEL OF BIBLIOGRAPHIC CONTROL AND CODING DETAIL [OBSOLETE]
Level of rules in bibliographic description 200211091005
Level of effort used to assign nonsubject heading access points safaa
-- 200203190935
-- load
050 ## - LIBRARY OF CONGRESS CALL NUMBER
Classification number QP624.75.P74
Item number T73 1993
100 1# - MAIN ENTRY--PERSONAL NAME
Personal name Travers,A. A.
245 10 - TITLE STATEMENT
Title DNA-protein interaction/
Statement of responsibility, etc. Andrew Travers.
250 ## - EDITION STATEMENT
Edition statement 1st ed.
260 ## - PUBLICATION, DISTRIBUTION, ETC.
Place of publication, distribution, etc. London :
Name of publisher, distributor, etc. Chapman & Hall,
Date of publication, distribution, etc. 1993.
300 ## - PHYSICAL DESCRIPTION
Extent vii, 180 p. :
Other physical details ill. ;
Dimensions 24 cm.
504 ## - BIBLIOGRAPHY, ETC. NOTE
Bibliography, etc. note Includes bibliographical references and idex.
596 ## -
-- 1
650 #0 - SUBJECT ADDED ENTRY--TOPICAL TERM
Topical term or geographic name entry element DNA-protein interactions.
942 ## - ADDED ENTRY ELEMENTS (KOHA)
Koha item type Books
Source of classification or shelving scheme Library of Congress Classification
Holdings
Withdrawn status Lost status Source of classification or shelving scheme Damaged status Not for loan Home library Current library Date acquired Total Checkouts Full call number Barcode Date last seen Copy number Price effective from Koha item type
Withdrawn   Library of Congress Classification     Main Main 02/20/2018   QP624.75.P74 T73 1993 0006318 12/09/2024 1 02/20/2018 Books
Withdrawn   Library of Congress Classification     Main Main 02/20/2018   QP624.75.P74 T73 1993 0006321 12/09/2024 2 02/20/2018 Books
Withdrawn   Library of Congress Classification     Main Main 02/20/2018   QP624.75.P74 T73 1993 0006322 12/09/2024 3 02/20/2018 Books

Home | About ENAL | Collections | Services | Activities | Calendar | Contact us

7 Nadi El Sayed St., Giza, Egypt | Phone:02-33351121 +02-33351313 | 
| Email: enalegypt@gmail.com